Financovanie obcí a regiónov Slovenskej republiky v nových ekonomických podmienkach

Chápanie nových ekonomických podmienok v priestore územnej samosprávy. Opatrenia na zmiernenie dopadov finančnej a hospodárskej krízy na rozpočty obcí. Finančný systém územnej samosprávy. Zdroje financovania územnej samosprávy.

Guardado en:
Detalles Bibliográficos
Autor principal: Neubauerová, Erika, 1968-
Otros Autores: Borza, Michal
Formato: Capítulo de libro
Lenguaje:eslovaco
Materias:
Etiquetas: Agregar Etiqueta
Sin Etiquetas, Sea el primero en etiquetar este registro!

MARC

LEADER 00000naa a2200000 4500
001 0129780
005 20240604112427.8
041 0 |a slo 
044 |a SK 
245 1 0 |a Financovanie obcí a regiónov Slovenskej republiky v nových ekonomických podmienkach  |c Erika Neubauerová, Michal Borza 
520 |a Chápanie nových ekonomických podmienok v priestore územnej samosprávy. Opatrenia na zmiernenie dopadov finančnej a hospodárskej krízy na rozpočty obcí. Finančný systém územnej samosprávy. Zdroje financovania územnej samosprávy. 
610 2 0 |a samospráva 
610 2 0 |a správa štátna 
610 2 0 |a Slovensko 
610 2 0 |a financovanie 
610 2 0 |a zdroje finančné 
610 2 0 |a prostredie ekonomické 
610 2 0 |a rozpočet štátny 
610 2 0 |a obce 
610 2 0 |a regióny 
610 2 0 |a dane 
610 2 0 |a kríza hospodárska 
100 1 |a Neubauerová, Erika, 1968- 
700 1 |a Borza, Michal